000 004640000a22001930004500
003 LK-CoMWRAF
005 20230924204800.0
008 230817t ||||| |||| 00| 0 eng d
020 _a8172311052
040 _aLK-CoMWRAF
_dLK-CoMWRAF
_eLK-CoMWRAF
041 _aeng
082 _a297
_bAZI
100 _aAziz, Abdul
245 _aStudies in Islam :
_bGrade three
260 _aNew Delhi :
_bAbdul Naeem,
_c2004
300 _a60p
650 _aIslam
942 _cBK
999 _c749
_d749